La revolución de esta guerra: el destino de la civilización cristiana
Gespeichert in:
| 1. Verfasser: | |
|---|---|
| Format: | Buch |
| Sprache: | Spanisch |
| Veröffentlicht: |
Buenos Aires
Excelsa
1943
|
| Schlagworte: | |
| Tags: |
Tag hinzufügen
Keine Tags, Fügen Sie den ersten Tag hinzu!
|
MARC
| LEADER | 00000nam a2200000 a 4500 | ||
|---|---|---|---|
| 001 | UCZ5408 | ||
| 003 | CL-VaPUC | ||
| 008 | 951117e19430000AG |||||||||||||||||spa|d | ||
| 082 | 0 | 4 | |a 291.1 |b DUC |2 21 |
| 100 | |a Ducattillon, J. V |e author |9 349373 | ||
| 245 | 1 | 3 | |a La revolución de esta guerra: el destino de la civilización cristiana |
| 300 | |a 190 p | ||
| 942 | |c BK | ||
| 945 | |d 19951117 00:00:00 |a lriquelm | ||
| 260 | |a Buenos Aires |b Excelsa |c 1943 | ||
| 650 | 0 | |a Religión |9 255164 | |
| 650 | 0 | |a Sociología |9 255410 | |
| 650 | 0 | |a Cambio social |9 256857 | |
| 650 | 7 | |a DOCTRINAS RELIGIOSAS |2 CL-VaPUC |9 337177 | |
| 650 | 0 | |a Cristianismo |9 257361 | |
| 583 | |a last modification |c 19951117 00:00:00 |k Rodrigo Vera | ||
| 999 | |c 241726 |d 241724 | ||
| 952 | |0 0 |1 0 |4 0 |6 291_100000000000000_DUC_1943 |7 0 |8 P |9 254161 |a BIBEDU |b BIBEDU |c BIBEDU_PB |d 2019-11-19 |i 1575481 |o 291.1 DUC 1943 |p 1575481 |r 2024-01-25 |w 2019-11-19 |y BK |k FIL | ||